| 000 | 01406nam a2200277 i 4500 | ||
|---|---|---|---|
| 001 | 158190 | ||
| 003 | ES-MaACL | ||
| 005 | 20250916194327.0 | ||
| 008 | 940301s1888 sp |||| | spa d | ||
| 080 | _a821.124-13"00" | ||
| 100 | 1 |
_aLucano, Marco Anneo. _974517 |
|
| 245 | 1 | 3 |
_aLa Farsalia / _cpor Marco Anneo Lucano ; versión castellana de D. Juan de Jáuregui ; precedida de un discurso de Emilio Castelar. |
| 260 |
_aMadrid : _bLibrería de la Viuda de Hernando y Cª, _c1888 ( _fEst. Tip. "Sucesores de Rivadeneyra") |
||
| 300 |
_a2 v. (XXXVII, 335 p. ; 400 p.) ; _c19 cm. |
||
| 490 | 1 |
_aBiblioteca clásica ; _v113-114 |
|
| 505 | 8 | _aContiene: I. Lucano: su vida, su genio, su poema: discurso leído en la Universidad Central / Emilio Castelar . Libro I-Libro XI -- II. Libro XII-Libro XX . Apéndice I. Apéndice II: Aminta: fábula pastoral / de Torcuato Tasso ; traducida por D. Juan de Jáuregui | |
| 530 | _aDisponible en formato digital. | ||
| 700 | 1 |
_aJáuregui, Juan de, _d1583-1641 _966187 |
|
| 700 | 1 |
_aCastelar, Emilio, _d1832-1899 _936479 |
|
| 700 | 1 |
_aTasso, Torquato ( _d1544-1595) _9109373 |
|
| 740 | 0 | 2 | _aAminta: fábula pastoral. |
| 830 | 1 |
_aBiblioteca clásica ; _v113-114 _9180370 |
|
| 852 |
_aES-MaACL _jF-13123-24 _z- Enc. tela |
||
| 856 |
_uhttp://bdh-rd.bne.es/viewer.vm?id=0000041132&page=1 _zBiblioteca Digital Hispánica |
||
| 999 |
_c158190 _d158190 |
||